Cara jahit bantal hiasan

Bibliographic Details
Main Author: Noraini Margono
Format: Book
Published: KL : Utusan Publications & Distributors Sdn Bhd , 2013
Subjects:

MARC

LEADER 00000cam a2200000 7i4500
001 0000038751
005 20150304.0
008 131120
020 |a 9676126306 
090 0 0 |a 746.97   |b NOR 
100 0 |a Noraini Margono 
245 1 0 |a Cara jahit bantal hiasan   |c Noraini Margono & Elimuhazli bin Aman Elias 
260 |a KL :   |b Utusan Publications & Distributors Sdn Bhd ,   |c 2013 
650 0 |a Patchwork patters 
650 0 |a Pillows 
999 |a 0001244907   |b Book   |c Adult Collection   |e Cawangan Kota Tinggi 
999 |a 0001244909   |b Book   |c Adult Collection   |e Cawangan Mersing 
999 |a 0001244910   |b Book   |c Adult Collection   |e Cawangan Bandar Tenggara 
999 |a 0001244911   |b Book   |c Adult Collection   |e Cawangan Bandar Penawar 
999 |a 0001244912   |b Book   |c Adult Collection   |e Cawangan Bukit Gambir 
999 |a 0001244914   |b Book   |c Adult Collection   |e Cawangan Tmn. Ungku Tun Aminah 
999 |a 0001244915   |b Book   |c Adult Collection   |e Cawangan Pontian 
999 |a 0001244916   |b Book   |c Adult Collection   |e Cawangan Segamat 
999 |a 0001244917   |b Book   |c Adult Collection   |e Cawangan Tangkak 
999 |a 0001249203   |b Book   |c Adult Collection   |e Perbadanan Perpustakaan Awam Johor 
999 |a 0001249205   |b Book   |c Adult Collection   |e Perbadanan Perpustakaan Awam Johor